「公園」がつく駅名 - Statistics

General Stats
  • This quiz has been taken 502 times
  • The average score is 23 of 116
Answer Stats
Hint Answer % Correct
千葉県 公園
74%
北海道 | 埼玉県 森林公園
54%
大阪府 | 茨城県 万博記念公園
44%
埼玉県 東武動物公園
43%
大阪府 大阪城公園
42%
東京都 葛西臨海公園
39%
東京都 石神井公園
38%
埼玉県 戸田公園
37%
東京都 代々木公園
37%
愛知県 愛・地球博記念公園
36%
北海道 あいの里公園
35%
愛知県 | 鳥取県 東山公園
33%
埼玉県 航空公園
31%
栃木県 鬼怒川公園
30%
愛知県 公園西
30%
千葉県 千葉公園
30%
東京都 芦花公園
30%
宮崎県 | 群馬県 運動公園
29%
北海道 大沼公園
29%
東京都 多摩動物公園
29%
香川県 栗林公園
29%
東京都 芝公園
28%
福岡県 大濠公園
27%
埼玉県 大宮公園
27%
兵庫県 須磨海浜公園
27%
東京都 井の頭公園
25%
千葉県 動物公園
24%
宮城県 八木山動物公園
24%
神奈川県 岸根公園
23%
東京都 舎人公園
23%
兵庫県 須磨浦公園
22%
大阪府 住之江公園
22%
奈良県 ファミリー公園前
22%
東京都 見沼代親水公園
22%
佐賀県 吉野ヶ里公園
22%
神奈川県 海の公園柴口
21%
神奈川県 海の公園南口
21%
宮城県 勾当台公園
21%
茨城県 長者ヶ浜潮騒はまなす公園前
21%
大阪府 枚方公園
21%
東京都 平山城址公園
21%
香川県 栗林公園北口
21%
沖縄県 奥武山公園
20%
愛知県 岡崎公園前
20%
東京都 お台場海浜公園
20%
神奈川県 公園下
20%
千葉県 清水公園
20%
大阪府 みさき公園
20%
埼玉県 稲荷山公園
19%
愛知県 | 青森県 運動公園前
19%
兵庫県 王子公園
19%
神奈川県 公園上
19%
大阪府 公園東口
19%
兵庫県 総合運動公園
18%
東京都 戸越公園
18%
兵庫県 日本へそ公園
18%
大阪府 緑地公園
18%
広島県 広域公園前
17%
兵庫県 中公園
17%
北海道 中島公園
17%
愛知県 中村公園
17%
千葉県 葭川公園
17%
北海道 稲積公園
16%
愛知県 庄内緑地公園
16%
大阪府 寝屋川公園
16%
大阪府 浜寺公園
15%
北海道 円山公園
15%
兵庫県 御崎公園
15%
宮城県 大町西公園
14%
大阪府 城北公園通
14%
福井県 スポーツ公園
14%
長崎県 平和公園
14%
兵庫県 南公園
14%
愛知県 名城公園
14%
福島県 やながわ希望の森公園前
14%
神奈川県 湘南海岸公園
13%
兵庫県 舞子公園
13%
福島県 養鱒公園
13%
山形県 あやめ公園
12%
北海道 五稜郭公園前
12%
熊本県 水前寺公園
12%
愛知県 堀内公園
12%
兵庫県 湊川公園
12%
青森県 芦野公園
11%
愛知県 荒子川公園
11%
福島県 大川ダム公園
11%
北海道 豊平公園
11%
神奈川県 野島公園
11%
福井県 足羽山公園口
10%
愛知県 杁ヶ池公園
10%
岐阜県 市民公園前
10%
福島県 ふるさと公園
10%
愛媛県 石手川公園
9%
栃木県 駅東公園前
9%
愛媛県 道後公園
9%
愛知県 豊橋公園前
9%
福井県 西山公園
9%
三重県 北勢中央公園口
9%
静岡県 美薗中央公園
9%
北海道 中島公園通
8%
岡山県 西川緑道公園
8%
島根県 浜山公園北口
8%
福岡県 安部山公園
7%
高知県 佐賀公園
7%
福岡県 志井公園
7%
栃木県 かしの森公園前
6%
岐阜県 前平公園
6%
長崎県 霊丘公園体育館
6%
熊本県 たのうら御立岬公園
4%
北海道 西線9条旭山公園通
4%
熊本県 坪井川公園
3%
No matching quizzes found
Score Distribution
Percent of People with Each Score
Percentile by Number Answered
Your Score History
You have not taken this quiz